000 00682nam a2200265Ia 4500
005 20260121170359.0
008 008 260114s9999 xx 000 0 eng d
020 _a9783319702117
037 _aEBOOK
040 _aCRL
040 _beng
040 _cCRL
041 _2eng
041 _aeng
084 _qCRL
100 _aMark D. Chapman, Dominic Janes
_91063185
245 0 _aNew Approaches in History and Theology to Same-Sex Love and Desire
260 _bSpringer
260 _bSpringer
260 _c2018
856 _uhttps://link.springer.com/openurl?genre=book&isbn=978-3-319-70211-7
942 _cEBOOK
999 _c1628914
_d1628914